Fashion theory : (Record no. 9908)
[ view plain ]
| 000 -LEADER | |
|---|---|
| fixed length control field | 02569nam a22002297a 4500 |
| 005 - ΗΜΕΡΟΜΗΝΙΑ ΚΑΙ ΩΡΑ ΤΕΛΕΥΤΑΙΑΣ ΕΝΗΜΕΡΩΣΗΣ | |
| Πεδίο ελέγχου | 20250901093445.0 |
| 006 - FIXED-LENGTH DATA ELEMENTS--ADDITIONAL MATERIAL CHARACTERISTICS | |
| Πεδίο ελέγχου σταθερού μήκους | a|||||r||||||||||| |
| 008 - FIXED-LENGTH DATA ELEMENTS--GENERAL INFORMATION | |
| Πεδίο ελέγχου σταθερού μήκους | 250901b |||||||| |||| 00| 0 eng d |
| 010 ## - LIBRARY OF CONGRESS CONTROL NUMBER | |
| LC control number | 2006031748 |
| 020 ## - ISBN | |
| ISBN | 9781138296947 |
| 040 ## - ΠΗΓΗ ΚΑΤΑΛΟΓΟΓΡΑΦΗΣΗΣ | |
| Φορέας πρωτότυπης καταλογογράφησης | MC Athens Campus Library |
| Γλώσσα καταλογογράφησης | Ελληνικά, Μοντέρνα (1453-) |
| Κανόνες περιγραφικής καταλογογράφησης | AACR2 |
| 245 00 - ΤΙΤΛΟΣ ΚΑΙ ΔΗΛΩΣΗ ΥΠΕΥΘΥΝΟΤΗΤΑΣ | |
| Τίτλος | Fashion theory : |
| Remainder of title | a reader / |
| Statement of responsibility, etc. | edited by Malcolm Barnard. |
| 260 ## - PUBLICATION, DISTRIBUTION, ETC. | |
| Place of publication, distribution, etc. | London ; |
| -- | New York : |
| Name of publisher, distributor, etc. | Routledge, |
| Date of publication, distribution, etc. | 2020. |
| 300 ## - PHYSICAL DESCRIPTION | |
| Extent | 829 p. ; |
| Διαστάσεις | 25 cm. |
| 440 #0 - SERIES STATEMENT/ADDED ENTRY--TITLE | |
| Τίτλος | Routledge student readers |
| 504 ## - ΣΗΜΕΙΩΣΗ ΒΙΒΛΙΟΓΡΑΦΙΑΣ κλπ. | |
| Σημείωση βιβλιογραφίας, κλπ. | Includes bibliographical references and index. |
| 520 ## - SUMMARY, ETC. | |
| Summary, etc. | This thoroughly revised and updated edition of Fashion Theory: A Reader brings together and presents a wide range of essays on fashion theory that will engage and inform both the general reader and the specialist student of fashion. From apparently simple and accessible theories concerning what fashion is to seemingly more difficult or challenging theories concerning globalisation and new media, this collection contextualises different theoretical approaches to identify, analyse and explain the remarkable diversity, complexity and beauty of what we understand and experience every day as fashion and clothing.<br/><br/>This second edition contains entirely new sections on fashion and sustainability, fashion and globalisation, fashion and digital/social media and fashion and the body/prosthesis. It also contains updated and revised sections on fashion, identity and difference, and on fashion and consumption and fashion as communication. More specifically, the section on identity and difference has been updated to include contemporary theoretical debates surrounding Islam and fashion, and LGBT+ communities and fashion and the section on consumption now includes theories of 'prosumption'. Each section has a specialist and dedicated Editor's Introduction which provides essential conceptual background, theoretical contextualisation and critical summaries of the readings in each section.<br/>Bringing together the most influential and ground breaking writers on fashion and exposing the ideas and theories behind what they say, this unique collection of extracts and essays brings to light the presuppositions involved in the things we all think and say about fashion. This second edition of Fashion Theory: A Reader is a timeless and invaluable resource for both the general reader and undergraduate students across a range of disciplines including sociology, cultural studies and fashion studies. |
| 650 #0 - SUBJECT ADDED ENTRY--TOPICAL TERM | |
| Topical term or geographic name entry element | Fashion |
| 9 (RLIN) | 9926 |
| 700 ## - ΠΡΟΣΘΕΤΗ ΑΝΑΓΡΑΦΗ--ΦΥΣΙΚΟ ΠΡΟΣΩΠΟ | |
| Personal name | Barnard, Malcolm |
| Σχέση | Επιμελητής |
| 9 (RLIN) | 10051 |
| 942 ## - ADDED ENTRY ELEMENTS (KOHA) | |
| Koha item type | Books |
| Τύπος τεκμηρίου | Βιβλιοθήκη | Τρέχουσα τοποθεσία | Barcode | Αριθμός εισαγωγής | Ημερομηνία απόκτησης | Ταξιθετικό σύμβολο | Αριθμός αντιτύπου | Κατάσταση απόσυρσης | Κατάσταση χαμένου | Κατάσταση κατεστραμμένου | Μη δανεισμός | Σύνολο δανεισμών | Ημερομηνία τελευταίας εμφάνισης | Χρονολογία τελευταίου δανεισμού | Η τιμή ισχύει από |
|---|---|---|---|---|---|---|---|---|---|---|---|---|---|---|---|
| Books | MC Athens Campus Library | MC Athens Campus Library | 9780000098788 | 8062 | 01/09/2025 | 391 BAR | 1 | 1 | 18/09/2025 | 18/09/2025 | 01/09/2025 |